000 00622cam a22002293a 4500
001 827
003 PGUSA
005 20140828082953.0
008 970201s1997||||xxu|||||s|||||000 | eng d
040 _aPGUSA
_beng
042 _adc
050 4 _aBS
245 1 0 _aLatin Vulgate, Esther :
_bLiber Esther
_h[electronic resource] /
_cAnonymous
260 _bProject Gutenberg,
_c1997
500 _aSeptuagint arrangement
506 _aPublic domain in the USA.
516 _aElectronic text
653 _aBible. Esther
830 0 _aProject Gutenberg
_v827
856 4 0 _uhttp://www.gutenberg.org/ebooks/827
942 _cEB
999 _c230178
_d230178